| 000 | 00406 a2200109 4500 | ||
|---|---|---|---|
| 001 | ART_8510 | ||
| 005 | 20260410161844.0 | ||
| 008 | 260409a | ||
| 245 | 1 | 0 | _aEnfoque generalizado del desarrollo por medio de enlaces, con referencia especial a los productos básicos |
| 100 | 1 | _aHirschman, Albert O. | |
| 773 | 0 |
_tEl trimestre económico _g- Vol. XLIV, Nº 173 (ene./mar. 1977) _wREV6933 |
|
| 999 |
_c24355 _d24355 |
||